00000000nas##2200000za#4500
0019.509599
003CaOODSP
00520200325104150
007ta
008150406c1987||||xxc|| m #||||f|   |0fre|d
022 |a0706-148X
040 |aCaOODSP|bfre
041 |aeng
041 |afre
043 |an-cn---
0861 |aS52-2
1101 |aCanada.|bTravaux publics et Services gouvernementaux Canada.|bBureau de la traduction.
24510|aBulletin de terminologie
260 |aOttawa - Ontario : |bTravaux publics et Services gouvernementaux Canada. |c1977--.
310 |aIrrégulier
3621 |a[N°] 158--
500 |aDonnées de catalogage avant publication (Canada) imprimées dans ces publications.
7760#|tTerminology bulletin / |w(CaOODSP)9.500139
791 |tTerminology bulletin |eeng|w(CaOODSP)9.509598